Catalog

Record Details

Catalog Search



You made me love you : selected stories, 1981-2018 ... Read More

Wideman, John Edgar. To Robby.(Added Author). Wideman, John Edgar. Damballah: good serpent of the sky.(Added Author). ... Read More

Available copies

  • 1 of 1 copy available at LARL/NWRL Consortium.

Current holds

0 current holds with 1 total copy.

Show Only Available Copies
Location Call Number / Copy Notes Barcode Shelving Location Status Due Date
Crookston Public Library WID (Text) 33500013396593 Main Available -

Record details

  • ISBN: 9781982148911
  • ISBN: 1982148918
  • Physical Description: xxvii, 462 pages : genealogical table ; 22 cm
  • Edition: First Scribner hardcover edition.
  • Publisher: New York : Scribner, 2021.

Content descriptions

Bibliography, etc. Note:
Includes bibliographical references.
Formatted Contents Note:
To Robby -- Damballah: good serpent of the sky -- ... Read More
Damballah (1981) -- Fever (1989) -- All stories ... Read More
Summary, etc.:
Fifty-seven short stories drawn from past ... Read More
Subject: African Americans > Fiction.
Genre: Short stories.
LDR 03152cam a2200529Ii 4500
001364383
003LARL_NWRL_CONSORTIUM
00520210415103139.0
008210331t20212021nyuj b 000 j eng d
040 . ‡aCMI ‡beng ‡erda ‡cCMI ‡dCMI ‡dOCLCQ ‡dOCLCO ‡dYU6 ‡dCDX ‡dOCLCO ‡dYDX ‡dBDX ‡dUAB ‡dINO
019 . ‡a1162986401
020 . ‡a9781982148911 ‡q(hc.)
020 . ‡a1982148918 ‡q(hc.)
035 . ‡a(OCoLC)1244115493 ‡z(OCoLC)1162986401
043 . ‡an-us---
08204. ‡a813/.54 ‡223
1001 . ‡aWideman, John Edgar, ‡eauthor. ‡0(LARL_NWRL_CONSORTIUM)74719
24010. ‡aShort stories. ‡kSelections
24510. ‡aYou made me love you : ‡bselected stories, 1981-2018 / ‡cJohn Edgar Wideman.
250 . ‡aFirst Scribner hardcover edition.
264 1. ‡aNew York : ‡bScribner, ‡c2021.
264 4. ‡c©2021
300 . ‡axxvii, 462 pages : ‡bgenealogical table ; ‡c22 cm
336 . ‡atext ‡btxt ‡2rdacontent
337 . ‡aunmediated ‡bn ‡2rdamedia
338 . ‡avolume ‡bnc ‡2rdacarrier
5050 . ‡aTo Robby -- Damballah: good serpent of the sky -- Begat chart -- Damballah -- Daddy garbage -- Lizabeth -- Across the wide Missouri -- Tommy -- Solitary -- Doc's story -- Surfiction -- Fever -- All stories are true -- Backseat -- What he saw -- Newborn thrown in trash and dies -- Welcome -- Weight -- The silence of Thelonious Monk -- Are dreams faster than the speed of light -- Who invented the jump shot -- What we cannot speak about we must pass over in silence -- Witness -- To Barry Bonds: home run king -- War stories -- Close -- Party -- Automatic -- Writing -- Breath -- Message -- Manhole -- Martyr -- Ruins -- Cleaning up -- You are my sunshine -- New work -- Short story -- Swimming -- Answering service -- Ghetto -- Review -- Fall -- Now you see it -- First love suite -- Ralph Waldo Ellison -- Genocide -- Passing on -- Haiku -- Wolf whistle -- Shadow -- JB & FD -- My dead -- Maps and ledgers -- Williamsburg Bridge -- Nat Turner confesses -- Collage..
5052 . ‡aDamballah (1981) -- Fever (1989) -- All stories are true (1992) -- God's gym (2005) -- Briefs (2010) -- American histories (2018).
504 . ‡aIncludes bibliographical references.
520 . ‡aFifty-seven short stories drawn from past collections celebrate the lifelong significance of this major American writer's essential contribution to a form-illuminating the ways that he has made it his own.
650 0. ‡aAfrican Americans ‡vFiction. ‡0(LARL_NWRL_CONSORTIUM)163084
655 7. ‡aShort stories. ‡2lcgft
70012. ‡aWideman, John Edgar. ‡tTo Robby.
70012. ‡aWideman, John Edgar. ‡tDamballah: good serpent of the sky.
70012. ‡aWideman, John Edgar. ‡tBegat chart.
70012. ‡aWideman, John Edgar. ‡tDamballah.
70012. ‡aWideman, John Edgar. ‡tDaddy garbage.
70012. ‡aWideman, John Edgar. ‡tLizabeth.
70012. ‡aWideman, John Edgar. ‡tAcross the wide Missouri.
70012. ‡aWideman, John Edgar. ‡tTommy.
70012. ‡aWideman, John Edgar. ‡tSolitary.
70012. ‡aWideman, John Edgar. ‡tDoc's story.
905 . ‡uvanderl
901 . ‡a364383 ‡b ‡c364383 ‡tbiblio ‡soclc

Additional Resources